[Event "SVK ECo-C Extraliga 2021-22"]
[Site "Slovakia"]
[Date "2022.03.13"]
[Round "6.3"]
[White "Hrabusa, Matej"]
[Black "Chlpik, Martin"]
[Result "1-0"]
[WhiteElo "2351"]
[BlackElo "2225"]
[Annotator "TA"]
[PlyCount "79"]
[EventDate "2021.10.21"]
[EventType "team-tourn"]
[EventCountry "SVK"]
[SourceTitle "playchess.com"]
[Source "ChessBase"]
[SourceQuality "1"]

{[%evp 20,79,60,64,70,47,50,52,64,30,77,83,143,133,186,181,187,127,201,192,171,99,101,94,110,100,98,95,122,111,127,-24,-13,-13,136,130,141,141,282,282,529,526,510,485,456,85,140,0,0,0,279,0,326,269,650,573,531,404,1297,1247,29997,29998]} 1. d4 Nf6 2. c4 g6 3. Nc3 Bg7 4. e4 d6 5. Nf3 O-O 6. Be2 e5 7. Be3 Nc6 8. d5 Ne7 9. Nd2 Nd7 10. b4 f5 11. f3 $1 a5 {E92: King's Indian: Classical: 6 Be2 e5: 7 dxe5, 7 Be3 and Petrosian System without 7...Nbd7.} 12. bxa5 Rxa5 13. Nb3 Ra8 {White is slightly better.} 14. c5 Nf6 (14... Nxc5 $11 15. Nxc5 dxc5) 15. a4 f4 (15... dxc5 $142 16. a5 (16. Bxc5 fxe4 17. fxe4 b6 $14) 16... b6) 16. Bf2 $16 g5 (16... dxc5 $16 {was worth a try.} 17. Bxc5 Re8) 17. cxd6 $18 cxd6 {[#]} 18. Nb5 $146 (18. Nd2 $18) ({Predecessor:} 18. a5 Ng6 19. Nb5 h5 20. Bb6 Qe7 21. Nc7 Rb8 22. Ba7 Qxc7 23. Rc1 Qe7 24. Bxb8 {1-0 (44) Newton,A (1886)-Dror,L (1677) London 2017}) 18... Ng6 (18... g4 $16) 19. Nd2 $1 {[%cal Bb3d2,Bd2c4,Bc4d6][%mdl 32]} Nh4 20. Bf1 (20. O-O $18) 20... Ne8 $16 21. Nc4 Bd7 22. Qb3 (22. Nbxd6 Nxd6 23. Nxd6 Qc7 $15) 22... g4 {[#] ...Bxb5 is the strong threat.} 23. Ra3 $1 {White is more active.} (23. Nbxd6 gxf3 24. gxf3 Nxd6 25. Nxd6 {[#]} Nxf3+ $1 26. Qxf3 Qa5+ 27. Ke2 (27. Kd1 $2 Bxa4+ 28. Kc1 Rfc8+ 29. Nc4 b5 $19) 27... Qa6+ 28. Ke1 Qxd6 $17) 23... Ra6 {Prevents Nb6.} 24. Qb4 Qg5 {[%cal Oh4f3]} 25. Nbxd6 $2 (25. Ncxd6 Qe7 $14) (25. Rg1 $16) 25... Nxd6 26. Nxd6 {[%mdl 64] Hoping for Rg1. Discovered Attack} g3 (26... gxf3 $1 $11 {remains equal.} 27. gxf3 (27. Bxa6 $2 fxg2 28. Rg1 bxa6 $19) 27... Nxf3+ 28. Rxf3 Rxa4) 27. hxg3 fxg3 28. Be3 {Inhibits Qc1+.} Nxf3+ (28... Qf6 $16 {was necessary.}) 29. Kd1 $18 {The board is on fire.} (29. gxf3 g2 30. Bxg2 Qxg2 $16) 29... Qg6 (29... Qf6 {keeps fighting.}) 30. Bxa6 ({Not} 30. gxf3 g2 31. Bxg2 Qxg2 $15) 30... bxa6 31. gxf3 Rxf3 32. Bc5 $2 (32. Nf5 $18 {aiming for Ne7+.} Bxf5 33. exf5 Qxf5 34. Rg1) 32... g2 $16 33. Re1 (33. Rg1 $16 Rf1+ 34. Kd2 (34. Kc2 Bf8 $16) 34... Bh6+ 35. Kc3 Rxg1 36. Bxg1) 33... Rf1 $11 {And now ...Bf8 would win.} 34. Qb8+ Rf8 $2 {[%mdl 8192]} (34... Bf8 $11 {and Black is okay.} 35. Nf5 Rxe1+ 36. Kxe1 g1=Q+ 37. Bxg1 Qxg1+ 38. Kd2 Qg2+ 39. Kc1 Qf1+ 40. Kd2 Qg2+ 41. Kc1 Qf1+ 42. Kd2 Qg2+) 35. Qb3 $2 (35. Qa7 $18 Qg4+ 36. Kc2) 35... Bg4+ {[%mdl 8192]} (35... Rf1 $11 {and Black has nothing to worry.} 36. Qg3 (36. Qb8+ Bf8 $11) 36... Bg4+ 37. Kd2 (37. Kc2 Bf8 $16) 37... Bh6+ 38. Kc2 Bf8) 36. Kc2 $18 Qh5 $2 (36... h5 37. Kb2 h4) 37. Qg3 Rf1 38. Raa1 Qh1 (38... Qg6 $142) 39. Qxg4 {White threatens Rab1 and mate.} Rxe1 40. Qe6+ {Weighted Error Value: White=0.56/Black=1.14} 1-0

[Event "SVK ECo-C Extraliga 2021-22"]
[Site "Slovakia"]
[Date "2022.03.13"]
[Round "6.4"]
[White "Toth, Ervin"]
[Black "Bokros, Albert"]
[Result "1/2-1/2"]
[WhiteElo "2436"]
[BlackElo "2447"]
[Annotator "TA"]
[PlyCount "38"]
[EventDate "2021.10.21"]
[EventType "team-tourn"]
[EventCountry "SVK"]
[SourceTitle "playchess.com"]
[Source "ChessBase"]
[SourceQuality "1"]

{[%evp 17,18,14,40]} 1. d4 d5 2. c4 e6 3. Nc3 Nf6 4. cxd5 exd5 5. Bg5 Be7 6. e3 O-O 7. Bd3 c6 8. Nf3 Nbd7 9. O-O Re8 {[#]} {Predecessor:} 10. Qc2 $146 {D36: Queen's Gambit Declined: Exchange Variation: Main line (5 Bg5 c6 6 Qc2).} Nf8 11. h3 Ng6 12. Rae1 Ne4 13. Bxe7 Qxe7 14. Bxe4 dxe4 15. Nd2 f5 16. f3 exf3 17. Nxf3 Be6 18. e4 fxe4 19. Rxe4 Rad8 {½-½ (32) Wojtaszek,R (2694)-Howell,D (2658) Tornelo INT 2021} 1/2-1/2

[Event "SVK ECo-C Extraliga 2021-22"]
[Site "Slovakia"]
[Date "2022.03.13"]
[Round "6.4"]
[White "Jurcik, Marian"]
[Black "Jablonicky, Martin"]
[Result "1-0"]
[WhiteElo "2412"]
[BlackElo "2316"]
[Annotator "TA"]
[PlyCount "67"]
[EventDate "2021.10.21"]
[EventType "team-tourn"]
[EventCountry "SVK"]
[SourceTitle "playchess.com"]
[Source "ChessBase"]
[SourceQuality "1"]

{[%evp 18,67,54,0,80,44,54,58,73,51,76,45,106,97,146,145,197,164,176,177,212,208,204,195,186,198,207,206,238,231,351,350,510,427,376,425,499,430,873,873,796,781,783,773,739,718,748,691,772,711,564,501]} 1. d4 Nf6 2. c4 g6 3. Nc3 Bg7 4. e4 d6 5. h3 e5 6. dxe5 dxe5 7. Qxd8+ Kxd8 8. Be3 Ke8 9. Bc1 Kd8 10. Be3 (10. Nf3 $14) 10... c6 {A42: Modern Defence: Averbakh Variation.} (10... Ke8 $1 $11 {remains equal.}) 11. O-O-O+ Nbd7 12. Nf3 {[%cal Bg1f3,Bf3g5,Bg5f7,Bf7e5][%mdl 32]} Ne8 {White is slightly better.} 13. c5 Ke7 14. Bc4 {[#]} h5 $146 (14... Nf8 $14) ({Predecessor:} 14... Nf8 15. Ng5 Be6 16. Nxe6 Nxe6 17. Bxe6 fxe6 18. Rd3 Rd8 19. Rhd1 Nf6 20. b4 Rxd3 21. Rxd3 Rd8 22. Rxd8 Kxd8 {1-0 (46) Pavlovic,G (2372)-Radovanovic,N (2308) Kragujevac 2014}) 15. Ng5 $16 Bh6 ({Black should try} 15... Rf8 16. Rd2 b6 17. cxb6 axb6) 16. Nxf7 {White is much more active.} Bxe3+ 17. fxe3 Rf8 {[#]} 18. Rxd7+ $1 {[%mdl 512]} Bxd7 (18... Kxd7 19. Nxe5+) 19. Nxe5 {Pair of Knights!} Rf6 {[#]} 20. g4 $1 {g5 is the strong threat.} g5 21. gxh5 Be6 22. Bxe6 Kxe6 23. Ng4 Rf3 (23... Rf8 $142 24. e5 Rf5) 24. Ne2 $18 {And now Nd4+ would win.} Rd8 (24... Ke7 $142 25. Nd4 Rf7 26. Nf5+ Kf8) 25. Nd4+ Rxd4 26. exd4 {[%mdl 4096] Endgame KRN-KRN} Nf6 {White is clearly winning.} 27. h6 {[%cal Oh3h4,Bh5h6,Bh6h7][%mdl 32] Strongly threatening h4!} Nxe4 (27... Rf4 $142 28. d5+ cxd5 29. exd5+ Kxd5 30. Rd1+ Kxc5) 28. h7 Rf8 29. Ne5 Nf6 30. Ng6 Nxh7 31. Nxf8+ Nxf8 32. Re1+ Kd7 33. Kd2 Ne6 34. Re4 {Black did not feel at home in the position after the opening.  Weighted Error Value: White=0.14 (very precise) /Black=0.41} 1-0

[Event "SVK ECo-C Extraliga 2021-22"]
[Site "Slovakia"]
[Date "2022.03.13"]
[Round "6.4"]
[White "Fus, Jakub"]
[Black "Stohl, Igor"]
[Result "1/2-1/2"]
[WhiteElo "2384"]
[BlackElo "2447"]
[Annotator "TA"]
[PlyCount "34"]
[EventDate "2021.10.21"]
[EventType "team-tourn"]
[EventCountry "SVK"]
[SourceTitle "playchess.com"]
[Source "ChessBase"]
[SourceQuality "1"]

{[%evp 9,34,8,5,0,21,0,33,39,41,17,22,29,25,25,14,22,24,17,43,21,16,23,26,-33,-27,-32,-17]} 1. e4 c5 2. Nf3 d6 3. Bb5+ Nd7 4. d4 cxd4 5. Qxd4 a6 6. Be2 {B51: Sicilian: Moscow Variation (3 Bb5+) without 3...Bd7.} Ngf6 7. O-O e6 (7... e5 $5 {[%cal Re5d4]} 8. Qe3 Be7 $11) 8. Rd1 {White is slightly better.} Qc7 9. Nc3 Be7 10. a4 b6 11. Be3 {[#]} O-O $146 ({Predecessor:} 11... Bb7 12. a5 bxa5 13. Nd2 O-O 14. Nb3 Nc5 15. Nxc5 dxc5 16. Qc4 Rfd8 17. f3 Bd6 {0-1 (53) Lukinov,D-Strelnikov,S (2319) Alushta 2006}) 12. Nd2 {[%cal Bf3d2,Bd2c4,Bc4d6][%mdl 32]} Bb7 13. Nc4 {[%cal Rc4d6]} e5 14. Qd2 {[%cal Rc4d6]} Bxe4 ({Don't do} 14... Nxe4 15. Nxe4 Bxe4 16. a5 $14) 15. Nxd6 Bg6 16. Rac1 ({Better is} 16. g4 $11) 16... Rfd8 {[#] aiming for ...Nc5.} 17. Nc4 Bb4 {Weighted Error Value: White=0.13 (very precise) /Black=0.05 (flawless)} 1/2-1/2

[Event "SVK ECo-C Extraliga 2021-22"]
[Site "Slovakia"]
[Date "2022.03.13"]
[Round "6.4"]
[White "Pcola, Pavol"]
[Black "Manik, Mikulas"]
[Result "1/2-1/2"]
[WhiteElo "2379"]
[BlackElo "2357"]
[Annotator "TA"]
[PlyCount "35"]
[EventDate "2021.10.21"]
[EventType "team-tourn"]
[EventCountry "SVK"]
[SourceTitle "playchess.com"]
[Source "ChessBase"]
[SourceQuality "1"]

{[%evp 17,22,0,15,21,17,11,15]} 1. c4 g6 2. Nc3 Bg7 3. g3 Nf6 4. Bg2 O-O 5. Nf3 d6 6. O-O e5 7. d3 Nbd7 8. Rb1 c6 9. Qc2 Re8 {The position is equal.} 10. b4 {A16: English Opening: 1...Nf6 with ...d5.} a6 11. a4 d5 {[#] An uneventful encounter.} {Predecessor:} 12. a5 $146 Nf8 13. Rd1 Qc7 14. Na4 dxc4 15. Qxc4 Be6 16. Qc2 N6d7 17. Be3 Rac8 18. Rdc1 {½-½ (71) Valovic,S (1936)-Zakovic,J (1839) Slovakia 2015} 1/2-1/2

[Event "SVK ECo-C Extraliga 2021-22"]
[Site "Slovakia"]
[Date "2022.03.13"]
[Round "6.4"]
[White "Borosova, Zuzana"]
[Black "Lanc, Alois"]
[Result "1-0"]
[WhiteElo "2259"]
[BlackElo "2309"]
[Annotator "TA"]
[PlyCount "79"]
[EventDate "2021.10.21"]
[EventType "team-tourn"]
[EventCountry "SVK"]
[SourceTitle "playchess.com"]
[Source "ChessBase"]
[SourceQuality "1"]

{[%evp 23,79,33,64,13,36,17,75,14,5,6,81,92,114,113,100,110,95,101,113,29,69,43,62,43,107,12,80,78,78,-65,81,83,183,176,163,170,212,121,119,84,71,42,42,42,44,44,37,43,74,70,79,72,72,31,31,31,39,26]} 1. e4 c5 2. Nf3 Nc6 3. d4 cxd4 4. Nxd4 Nf6 5. Nc3 d6 6. Bg5 e6 7. Qd2 a6 8. O-O-O Bd7 9. f4 Be7 10. Nf3 b5 11. Bxf6 gxf6 12. f5 Qb6 13. Bd3 {B69: Sicilian: Richter-Rauzer: 7...a6 8 0-0-0 Bd7 9 f4 Be7 10 Nf3 b5 11 Bxf6.} ({White should play} 13. Kb1 $14) 13... O-O-O 14. Kb1 h5 {[#]} (14... Rhg8 $11) 15. g3 $146 (15. Ne2 $1 $16) ({Predecessor:} 15. Ne2 Kb8 16. Nf4 Rdg8 17. fxe6 fxe6 18. e5 fxe5 19. Ng6 Rxg6 20. Bxg6 d5 21. Rhe1 {0-1 (39) Haring,F (2258)-Nayhebaver,M (2462) Slovakia 2018}) 15... Kb8 16. Rhf1 Rc8 (16... Ne5 $11 {remains equal.}) 17. Ne2 $1 $16 Bf8 18. Nf4 Rh6 19. Nh4 Ne5 20. Be2 Qc5 21. Nd3 ({White should try} 21. a3 $16) 21... Nxd3 22. cxd3 {[%cal Bc2d3,Bd3d4][%mdl 32]} Qb6 23. d4 Bc6 (23... e5 $14) 24. Bf3 (24. fxe6 $1 $16 Bxe4+ 25. Bd3 Bxd3+ 26. Qxd3 fxe6 27. d5) 24... Rh7 (24... e5 $1 $11) 25. fxe6 $1 fxe6 {[#]} 26. Qf4 (26. d5 $1 $16 {[%cal Rd5c6]} exd5 27. exd5) 26... Rh6 (26... b4 $1 $15 {keeps the upper hand.} 27. Ng6 (27. Qxf6 Ba4 $17) 27... Bb5 28. Nxf8 Rxf8) 27. d5 exd5 (27... e5 $16 {was worth a try.} 28. Qf5 Be8) 28. exd5 $18 Bd7 {[%cal Of6f5]} 29. Be4 {Inhibits f5.} Rh8 {[#]} (29... f5 {might work better.}) 30. Qxf6 (30. Bf5 $1 $18 {[%cal Rf5d7]} Rc4 31. Qf3) 30... Rg8 $16 31. Qf7 {White is more active.} (31. Bf5 {seems wilder.} Bg7 32. Qf7 Qc5 33. Qxd7 Bxb2 34. Rf3) 31... Rg7 32. Qf2 ({Avoid the trap} 32. Qxh5 $2 Bg4 33. Qh6 Bxd1 34. Rxd1 Rf7 $19) (32. Qf4 {is interesting.} Rg4 33. Qf3 Rxh4 34. gxh4 Bg4 35. Qxf8 Bxd1 36. Qh6) 32... Qxf2 33. Rxf2 Be7 $1 34. Nf5 Bxf5 35. Bxf5 Rf8 36. Rdf1 Rgf7 37. h3 Bg5 38. g4 ({Better is} 38. Kc2 $16) 38... hxg4 $14 39. hxg4 Rc7 40. Rc2 {[%mdl 32768] Weighted Error Value: White=0.35/Black=0.28 (precise) . Loss on time!?} 1-0

[Event "SVK ECo-C Extraliga 2021-22"]
[Site "Slovakia"]
[Date "2022.03.13"]
[Round "6.4"]
[White "Frindt, Kornel"]
[Black "Turcan, Richard"]
[Result "1/2-1/2"]
[WhiteElo "2165"]
[BlackElo "2287"]
[Annotator "TA"]
[PlyCount "202"]
[EventDate "2021.10.21"]
[EventType "team-tourn"]
[EventCountry "SVK"]
[SourceTitle "playchess.com"]
[Source "ChessBase"]
[SourceQuality "1"]

{[%evp 9,202,0,16,5,9,6,13,7,16,10,14,0,7,11,14,0,3,0,0,0,94,89,96,95,239,233,288,291,290,291,291,296,329,323,295,325,325,312,334,329,327,329,341,349,369,357,414,416,462,363,395,370,363,352,409,352,345,343,343,359,455,452,469,470,459,463,439,330,452,450,445,446,456,443,441,440,448,460,462,459,449,460,461,457,458,457,471,458,449,437,616,547,651,494,529,524,508,471,29987,585,692,694,693,729,707,692,1105,1106,993,963,1102,1056,12837,12838,12838,12839,12840,12840,12841,12841,12842,12841,12837,12837,12842,12842,12843,12843,12843,12842,12843,0,12843,0,12841,6348,12841,12842,12842,12841,12844,12845,12845,12844,12844,12842,12844,12845,12846,12839,12844,12839,12844,12839,12837,12522,12838,12839,12846,12846,12849,12847,12847,12847,12847,12847,12847,1317,985,181,194,0,181,0,195,0,0,-28000,-28000,-28000,-28000,-28000,-28000,-28000,-28000,-28000,-28000,-28000,-28000,-28000,-28000,-28000,-28000,-28000,-28000]} 1. d4 Nf6 2. Bf4 c5 3. c3 b6 4. e3 Bb7 5. Nf3 d6 6. Nbd2 {A47: 1 d4 Nf6 2 Nf3 b6: Torre, London and Colle Systems.} Nbd7 7. Bc4 e6 8. O-O {The position is equal.} Be7 9. h3 O-O 10. Re1 Rc8 11. Qe2 d5 12. Bd3 Ne4 13. Rad1 Ndf6 14. Ne5 {[#]} Bd6 $146 (14... Nxd2 $11 15. Rxd2 c4) ({Predecessor:} 14... Nd6 15. Ba6 Qc7 16. Bh2 Bxa6 17. Qxa6 Qb7 18. Qd3 Rfe8 19. Ng4 Nde4 20. Nxf6+ Nxf6 21. Be5 Nd7 {1-0 (65) Seegers,H (2405)-Berglitz,R (2115) Cattolica 1989}) 15. Bxe4 $16 dxe4 {[#]} 16. dxc5 {White is more active.} Rxc5 (16... Bxe5 $16 {was necessary.} 17. Bxe5 Qd3) 17. Ndc4 $18 {Pair of Knights!} Ba6 18. Rxd6 Qxd6 19. Nxd6 Bxe2 20. Rxe2 Rd5 21. Nc6 Rd1+ 22. Kh2 Ra8 23. g4 h6 24. Bg3 a6 25. Kg2 Kf8 26. Rc2 b5 27. b3 Rd5 28. c4 bxc4 29. Rxc4 h5 30. Nxe4 hxg4 31. hxg4 Nxg4 32. Nc3 Rg5 33. Kf3 Nf6 34. Bd6+ Ke8 35. Nb8 {[%cal Rc4c8] [#]} Kd8 {To avoid Rc8+} 36. Bc7+ Ke7 37. Bf4 Rf5 38. Nc6+ (38. Rc8 Rxb8 39. Rxb8 g5 40. Rb7+ Ke8 $16) 38... Ke8 39. e4 Rh5 40. Nb8 {Black must now prevent Rc8+.} Kd8 {Prevents Rc8+.} 41. Bc7+ Ke7 42. Bg3 ({Weaker is} 42. Nc6+ Ke8 43. Nb4 Nd7 $18) 42... Nd7 43. Nxd7 Kxd7 44. Rc7+ Ke8 45. Bd6 Rd8 46. e5 Rd7 {Strongly threatening ...Rxc7.} 47. Rc6 f6 48. Ne4 a5 49. Ra6 Rh3+ (49... fxe5 $142 50. Rxa5 Rh3+ 51. Kg4 Rh1 52. Bxe5 Re1) 50. Ke2 Rh4 51. Ke3 fxe5 52. Nc5 Rd8 53. Nxe6 Rc8 (53... Rd7 $18 54. Bxe5 Rh1 55. Nxg7+ Kf7 56. Rxa5 Re1+ 57. Kf4 Rd2 58. Ra7+ Kg6) 54. Nxg7+ (54. Ra7 $142 Rc3+ 55. Ke2 Rc2+ 56. Kf1 Rxf2+ 57. Kxf2 Rf4+ 58. Ke3 Rf7 59. Nxg7+ Rxg7 60. Rxg7) 54... Kd7 55. Bxe5 Rc5 56. f4 Rh2 57. Ra7+ Kc8 58. a4 Rc1 59. Ke4 Rh3 60. Ne8 {And now Nd6+ would win.} Rxb3 61. Ra8+ Kd7 62. Nf6+ Ke7 63. Ra7+ Kd8 64. Rxa5 Ra3 65. Kd5 Rd3+ 66. Ke6 Rc6+ 67. Kf5 Ra3 68. Ra8+ Rc8 69. Ra7 {[%csl Gf6][%cal Ra7d7]} Rc4 70. Ra8+ Rc8 71. Ra5 $2 ({Better is} 71. Rxc8+ $18 Kxc8 72. Ke6 Rxa4 73. Nd5) 71... Rd3 $2 {[%mdl 8192]} (71... Rc6 $11 72. Ra8+ Ke7 73. Nd5+ Kf7 74. Ra7+ Ke8) 72. Ne4 Rc6 73. Ra8+ Kd7 74. a5 Ra3 75. Nf6+ Ke7 76. Ra7+ Kd8 77. Ne4 Kc8 78. Nd6+ Kb8 79. Rb7+ Ka8 80. Rb5 Ka7 81. Bd4+ Ka8 82. Ke6 Ra4 83. Rd5 Ra6 84. Bb6 Rxf4 85. Rg5 {Rg8+ would kill now.} Rf8 {Prevents Rg8.} 86. Kd7 Rh8 87. Kc6 Ra7 88. Rg6 (88. Bxa7 $142 Kxa7 89. Nb5+ Ka6 90. Nc7+ Ka7 91. Rg7 Kb8 92. Nd5 Rh6+ 93. Kb5) 88... Rah7 89. a6 $2 (89. Be3 Re7 90. Bd4) 89... Rh6 90. Rg7 {aiming for Be3.} Rc8+ $2 (90... R6h7 $1 $11) 91. Bc7 $2 (91. Kd5 $18 Rh5+ 92. Kd4 Rh4+ 93. Kd5 Rh5+ 94. Kd4 Rh4+ 95. Ke3 Rh3+ 96. Ke4 Rh4+ 97. Ke3 Rh3+ 98. Kf4 Rf8+ 99. Ke4) 91... Ka7 $2 (91... Rch8 $1 $11 92. Bb6 Rc8+ 93. Kd7 Rch8 94. Kc6) 92. Kd7 $4 {[%mdl 8192]} ({Not} 92. Kb5 Rh5+ 93. Kc6 Rxc7+ 94. Rxc7+ Kxa6 $14) (92. Rg1 $18) 92... Rxc7+ 93. Kxc7 Kxa6 $11 {[%mdl 4096] Endgame KRN-KR. Mate.} 94. Rg5 Rh1 95. Rc5 Rh2 96. Kc6 Rh6 97. Rc2 Ka5 98. Rb2 Ka4 99. Kd5 Rh5+ 100. Kd4 Rh4+ 101. Ne4 Ka5 {[%mdl 32768] Weighted Error Value: White=0.26 (precise) /Black=0.44. An unexpected result.} 1/2-1/2

[Event "SVK ECo-C Extraliga 2021-22"]
[Site "Slovakia"]
[Date "2022.03.13"]
[Round "6.5"]
[White "Nagy, Gabor"]
[Black "Motuz, Karol"]
[Result "1-0"]
[WhiteElo "2530"]
[BlackElo "2315"]
[Annotator "TA"]
[PlyCount "111"]
[EventDate "2021.10.21"]
[EventType "team-tourn"]
[EventCountry "SVK"]
[SourceTitle "playchess.com"]
[Source "ChessBase"]
[SourceQuality "1"]

{[%evp 11,111,-10,-10,-8,0,0,28,0,4,-33,-22,-23,-22,-58,-46,-58,0,0,0,0,37,37,43,31,31,21,41,0,0,-3,-1,-35,0,-6,0,-20,-18,-13,-9,-18,134,135,136,0,0,0,0,0,0,0,0,0,0,0,0,0,68,68,75,76,77,64,85,41,220,228,223,225,615,615,615,608,572,539,536,522,497,479,568,613,642,626,788,787,777,764,726,650,877,862,29980,29981,29982,29983,29986,29987,29987,29988,29992,29952,29993,29994]} 1. c4 e6 2. Nf3 Nf6 3. Nc3 d5 4. d4 Be7 5. e3 O-O 6. a3 b6 7. cxd5 {D37: Queen's Gambit Declined: 5 Bf4.} Nxd5 8. Bd3 Bb7 9. Qc2 {White has an edge.} h6 {[#]} 10. Ne2 $146 ({Predecessor:} 10. Nxd5 Bxd5 11. e4 Bb7 12. Be3 Nd7 13. O-O c5 14. Rfd1 Rc8 15. Qe2 Qc7 16. Rac1 {1-0 (35) Indjic,A (2607)-Zhigalko,S (2572) Chess.com INT 2021}) 10... Nd7 11. O-O c5 12. Rd1 Rc8 {Strongly threatening ...cxd4.} 13. Qb1 Qc7 (13... N5f6 $15) 14. e4 $1 $11 N5f6 15. Bf4 Qc6 {[%cal Rf6e4]} 16. Nc3 c4 17. Bc2 b5 $1 {To avoid Ba4} 18. Qc1 {[%cal Of4h6] And now Bxh6! would win.} Rfd8 {[#]} 19. d5 (19. Bxh6 $1 $14 gxh6 20. e5) 19... exd5 20. Nd4 Qb6 {[%cal Rf6e4]} 21. Nf5 Bf8 {[%cal Rd5e4]} (21... Bc5 $5 {[%cal Rd5d4]} 22. Be3 Re8 $11) 22. exd5 Nc5 {[%cal Oc5d3]} (22... Ng4 23. Qd2 $14) 23. Qe3 {Prevents Nd3.} Nxd5 24. Nxd5 Bxd5 25. Qg3 $1 {aiming for Nxh6+.} Kh8 $2 {[#]} ({Black should play} 25... g5 $11 26. Be3 Qc6) 26. Nxh6 $1 $16 {[%mdl 512] White is more active.} Nd3 (26... gxh6 $2 27. Be5+ f6 28. Qg6 $18) 27. Ng4 (27. Nf5 Be4 28. Be3 Qb7 $15) (27. Rxd3 $16 cxd3 28. Bxd3 (28. Qxd3 Rxc2 29. Qxc2 Qe6 $17)) 27... Be4 $1 $11 28. Ne5 {Inhibits Qg6. Really sharp!} Kg8 29. Nxd3 cxd3 30. Bxd3 Bxd3 31. Rxd3 Rxd3 32. Qxd3 Qf6 $1 {[%csl LRb2,LRf4]} 33. Qd2 Bc5 (33... Bxa3 $1 $11 34. Rxa3 Rd8) 34. g3 $14 Bd4 {[#]} 35. Rb1 $1 Qf5 36. Rd1 Bf6 37. Qe2 (37. Qd7 $16 Qxd7 38. Rxd7) 37... Rc2 $2 {This move loses the game for Black.} (37... a5 $14) 38. Qe8+ $18 Kh7 39. Qxf7 {Threatens to win with Rd5.} Rxf2 $2 (39... Qe4 40. Be3 (40. Qxa7 Rxb2 41. Qd7 Rb1 $18) 40... Rxb2 41. Qh5+ (41. Bxa7 Qf3 $18) (41. Qxa7 Rb3 $18) 41... Kg8 42. Bxa7 Rb1 43. Rxb1 Qxb1+ 44. Kg2 Qe4+ 45. Qf3 Qxf3+ 46. Kxf3 Be7) 40. Rd5 ({And not} 40. Kxf2 {[#]} Bd4+ $1 41. Rxd4 Qxf7 $15) 40... Rxf4 41. Rxf5 Rxf5 {[%mdl 4096] Endgame KQ-KRB} 42. Kg2 a5 43. Qd7 Rc5 44. Qd3+ g6 45. b3 Bg7 46. h4 b4 47. axb4 axb4 48. Qe4 Rb5 49. g4 Kh6 50. Qc4 Rb6 51. Qg8 {White mates.} g5 52. hxg5+ Kg6 53. Kg3 Rd6 54. Kh4 Rd4 55. Qe8+ Kh7 56. Kh5 {Weighted Error Value: White=0.08 (flawless) /Black=0.43} 1-0

[Event "SVK ECo-C Extraliga 2021-22"]
[Site "Slovakia"]
[Date "2022.03.13"]
[Round "6.5"]
[White "Nguyen, Piotr"]
[Black "Krak, Tomas"]
[Result "1/2-1/2"]
[WhiteElo "2402"]
[BlackElo "2306"]
[Annotator "TA"]
[PlyCount "85"]
[EventDate "2021.10.21"]
[EventType "team-tourn"]
[EventCountry "SVK"]
[SourceTitle "playchess.com"]
[Source "ChessBase"]
[SourceQuality "1"]

{[%evp 12,85,14,11,66,54,67,45,73,70,110,104,121,112,129,122,137,107,112,110,103,75,98,75,70,30,52,42,45,29,31,19,29,29,31,26,31,0,0,0,0,0,0,0,0,0,0,0,6,6,6,6,6,0,6,0,0,0,0,0,0,0,6,0,0,0,0,0,0,0,0,0,0,0,0,0]} 1. d4 Nf6 2. Nf3 g6 3. g3 Bg7 4. Bg2 O-O 5. O-O d6 6. b3 c5 7. Bb2 Nfd7 {A49: 1 d4 Nf6 2 Nf3 g6 3 g3: Anti-King's Indian systems.} (7... cxd4 $11 8. Nxd4 d5) 8. c4 $14 Nc6 9. e3 Nb6 {[#] White is slightly better.} 10. Qd2 $146 ({Predecessor:} 10. h3 Bf5 11. Nc3 a5 12. d5 Ne5 13. Nxe5 Bxe5 14. e4 Bd7 15. Qd2 a4 16. Ne2 Bxb2 17. Qxb2 {1-0 (33) Rastbod,A (2287)-Sanchez Alvarez,K (2250) Chess.com INT 2019}) 10... Bg4 {[#]} 11. d5 $1 {And now Bxg7 would win.} Bxb2 12. Qxb2 Bxf3 13. Bxf3 Na5 14. Nd2 Nd7 15. a3 {[#] b4 is the strong threat.} b6 16. Kg2 Rb8 17. b4 Nb7 18. b5 {White is much more active.} Na5 19. h4 e5 20. dxe6 fxe6 21. Rad1 Qe7 ({Don't take} 21... Ne5 22. Be2 $16) 22. Qc2 Rbd8 23. Be2 (23. e4 {looks sharper.} Kg7 24. a4 Kh8 25. Qd3 Rf7 26. Qc3+) 23... Nf6 24. f4 d5 {The position is equal.} 25. e4 dxe4 26. Nxe4 Nxe4 27. Qxe4 Qb7 28. Qxb7 Nxb7 {[%cal Ba5b7,Bb7d8,Bd8f7,Bf7d6][%mdl 32]} 29. h5 Rxd1 30. Rxd1 Rd8 31. Rxd8+ Nxd8 $11 {[%mdl 4096] Endgame KB-KN} 32. Kf3 Nf7 33. Ke4 Kf8 34. hxg6 hxg6 35. g4 Ke7 36. g5 Nd6+ 37. Ke5 Nf7+ 38. Ke4 Kd6 39. Bd3 e5 40. a4 Ke6 41. Kf3 exf4 42. Kxf4 Ne5 43. Be2 {Weighted Error Value: White=0.07 (flawless) /Black=0.10 (very precise)} 1/2-1/2